000 00500cam a2200169 4500500
005 20260405001948.0
041 _afre
042 _adc
100 1 0 _aNathan, Tobie
_eauthor
245 0 0 _aFrance. Histoires d’eau
260 _c2015.
500 _a37
690 _aEau
690 _aTobie Nathan
786 0 _nPhilosophie magazine | 87 | 3 | 2015-03-01 | p. 66-66 | 1951-1787
856 4 1 _uhttps://shs.cairn.info/magazine-philosophie-magazine-2015-3-page-66?lang=fr&redirect-ssocas=7080
999 _c2052779
_d2052779